00360nam a2200145Ia 4500008004100000020001500041041001200056082001600068100001900084245006200103250000800165260002500173300000800198650000800206221030s9999 xx 000 0 und d a0070473552 aEnglish a105.23bKha aR. S. Khandpur 0aHandbook of Biomedical Instrumentationcby R. S. Khandpur a2nd bTMHaNew Delhic2006 a924 aECE